Ulus ötesi Kıbrıs / (Record no. 200465070)

MARC details
000 -LEADER
fixed length control field 00934cam a2200313 i 4500
001 - CONTROL NUMBER
control field 200465070
003 - CONTROL NUMBER IDENTIFIER
control field TR-AnTOB
005 - DATE AND TIME OF LATEST TRANSACTION
control field 20250814160925.0
007 - PHYSICAL DESCRIPTION FIXED FIELD--GENERAL INFORMATION
fixed length control field ta
008 - FIXED-LENGTH DATA ELEMENTS--GENERAL INFORMATION
fixed length control field 250814s1993 tu 000 0 tur d
020 ## - INTERNATIONAL STANDARD BOOK NUMBER
International Standard Book Number 9963793606
040 ## - CATALOGING SOURCE
Original cataloging agency TR-AnTOB
Language of cataloging eng
Description conventions rda
Transcribing agency TR-AnTOB
041 0# - LANGUAGE CODE
Language code of text/sound track or separate title Türkçe
-- Yunanca
050 #4 - LIBRARY OF CONGRESS CALL NUMBER
Classification number DS54.9
Item number .K5955 1993
090 ## - LOCALLY ASSIGNED LC-TYPE CALL NUMBER (OCLC); LOCAL CALL NUMBER (RLIN)
Classification number (OCLC) (R) ; Classification number, CALL (RLIN) (NR) DS54.9
Local cutter number (OCLC) ; Book number/undivided call number, CALL (RLIN) .K5955 1993
100 1# - MAIN ENTRY--PERSONAL NAME
Personal name Kızılyürek, Niyazi
Relator term author
9 (RLIN) 149760
245 10 - TITLE STATEMENT
Title Ulus ötesi Kıbrıs /
Statement of responsibility, etc. Niyazi Kızılyürek.
264 #1 - PRODUCTION, PUBLICATION, DISTRIBUTION, MANUFACTURE, AND COPYRIGHT NOTICE
Place of production, publication, distribution, manufacture Lefkoşa :
Name of producer, publisher, distributor, manufacturer Kassulitis,
Date of production, publication, distribution, manufacture, or copyright notice 1993.
300 ## - PHYSICAL DESCRIPTION
Extent 78+88 pages ;
Dimensions 21 cm
336 ## - CONTENT TYPE
Content type term text
Content type code txt
Source rdacontent
337 ## - MEDIA TYPE
Media type term unmediated
Media type code n
Source rdamedia
338 ## - CARRIER TYPE
Carrier type term volume
Carrier type code nc
Source rdacarrier
500 ## - GENERAL NOTE
General note The book is written in Turkish and Greek.
504 ## - BIBLIOGRAPHY, ETC. NOTE
Bibliography, etc. note Includes bibliographical references and index.
651 #7 - SUBJECT ADDED ENTRY--GEOGRAPHIC NAME
Geographic name Kıbrıs
General subdivision Tarih
Source of heading or term etuturkob
9 (RLIN) 83822
Geographic name Kıbrıs
General subdivision Siyaset ve yönetim
Source of heading or term etuturkob
9 (RLIN) 8241
942 ## - ADDED ENTRY ELEMENTS (KOHA)
Source of classification or shelving scheme Library of Congress Classification
Koha item type Book
Holdings
Withdrawn status Lost status Source of classification or shelving scheme Not for loan Collection code Home library Current library Shelving location Date acquired Source of acquisition Inventory number Total Checkouts Full call number Barcode Date last seen Date shelved Koha item type Public note
    Library of Congress Classification Ödünç Verilebilir / Available Genel Koleksiyon Merkez Kütüphane Merkez Kütüphane Genel Koleksiyon / Main Collection 14/08/2025 Bağış / Donation TAR   DS54.9 .K5955 1993 0072648 14/08/2025 14/08/2025 Book Donated by KİBA
Devinim Yazılım Eğitim Danışmanlık tarafından Koha'nın orjinal sürümü uyarlanarak geliştirilip kurulmuştur.